MOBILISATIONS POPULAIRES EDUCATION MOBILISANTE /

INDICE

Сохранить в:
Библиографические подробности
Главный автор: Seguier, Michel (autor)
Формат:
Серии:DOCUMENT DE TRAVAIL INODEP ; 7
Предметы:
Метки: Добавить метку
Нет меток, Требуется 1-ая метка записи!

MARC

LEADER 00000nam^a2200000^a^4500
001 000237476
005 20250521000000.0
009 20260526132617.286
020 |a 2-85802-267-4 
035 |a 060156 
037 |a Acervo Xavier Clavigero 
082 |a 374. 012  |b SEG 
100 |a Seguier, Michel  |e (autor) 
245 1 0 |a MOBILISATIONS POPULAIRES EDUCATION MOBILISANTE /  |c MICHEL SEGUIER 
264 |a PARIS :  |b L'HARMATTAN,  |c 1983 
300 |a 182 p. 
336 |a texto  |b txt  |2 rdacontenido 
337 |a sin mediación  |b n  |2 rdamedio 
338 |a volumen  |b nc  |2 rdasoporte 
440 |a DOCUMENT DE TRAVAIL INODEP ;  |v 7 
520 |a INDICE 
649 |a XX 
650 |a Educación y Promoción Popular 
910 |a Fondo General 
920 |a Impresos - Libros 
930 |a Colección General 
905 |a 101 
901 |a 060156  |b IT1  |c ACC  |i 060156  |u 20250521 
902 |a https://opac.biblio.iteso.mx/vufind/Record/000237476